000 00663nam a22002417a 4500
001 62388
003 UA-OsUOA
005 20211016204347.0
007 ta
008 20090825b un ||||| |||| 00| 0 ukr d
040 _aUA-OsUOA
_brus
_cUA-OsUOA
_dUA-OsUOA
041 _arus
080 _a94(470+571)
090 _a94(470+571)
_bП48
100 _aПокровский М. Н.
245 _aИзбранные произведения
260 _aМ.
_bМысль
_c1967
300 _a670 с.
505 _gт. 3
_tРусская история в самом сжатом очерке
650 7 _a94 Історія
_2UDC
942 _cBK
_2udc
955 _a2
999 _c348475
_d348475